000 01063nam a2200289 a 4500
999 _c387051
_d387051
003 BLK
005 20230801154200.0
008 180412b bul|||||r ||||||| ||bul||
010 _aKNG00008599000
020 _a954-8160-04-8
040 _aBLK
041 _aBUL
_cBUL
080 _aБългарска литература
_b821.163.2
_x-1
_z821.163.2-1
100 _aРадинска, Валентина Димитрова
_9252438
139 _aРадинска, Валентина Димитрова
_bР 14
245 1 0 _aЧистилище
_bСтихотворения
_cВалентина Димитрова Радинска.
257 _aBGR
260 _bЕлка Няголова
_c1992
_9218167
_a[Добрич]
_f(Варна : Бряг принт)
_n954-8160-
300 _a56 с.
_bс ил.
_c16 см
380 _aX
490 _9208758
_aБиблиотека Ева ли?
852 _aЦб I 25948
_bЦб
856 4 _qpdf
_u
942 _cKNG
_n0
_s1
944 _aCR
_c2020-09-02
_k30560
_lГеновева Генчева
999 _d7308